00399 2200169 4500001002100000008004100021035002000062245003400082100001800116250000600134260002900140300001200169084001400181082000800195650001400203990001200217INLIS000000000001120 ind  a0010-0524000355 aPepak Basa JawacPujo Waskito aWaskito, Pujo a1 aJakarta :bGrafika Mulia a128 hlm a400 PUJ p a400 aNon Fiksi a0744098